| 000 | 00678nam a22001935i 4500 | ||
|---|---|---|---|
| 001 | 159252 | ||
| 003 | ES-MaACL | ||
| 005 | 20250810063045.0 | ||
| 008 | 040830s1899 xxka |||| | eng d | ||
| 040 |
_aCAM _bspa _cCAM |
||
| 100 | 1 |
_aMcCarthy, Justin, _d1830-1912 _979526 |
|
| 245 | 1 | 0 |
_aModern England before the reform bill / _cby Justin McCarthy. |
| 260 |
_aLondon : _bT. Fisher Unwin ; _aNew York : _bG.P. Putnam's sons, _c1899. |
||
| 300 |
_aXVI, 340 p. : _bil. ; _c20 cm. |
||
| 490 | 1 | _aThe story of the nations | |
| 830 | 0 |
_aThe story of the nations _9221921 |
|
| 852 |
_aES-MaACL _jG-267 _z-- Enc. editorial en tela estampada |
||
| 999 |
_c159252 _d159252 |
||